| 000 | 00995nam a22003257a 4500 | ||
|---|---|---|---|
| 001 | 0007994 | ||
| 003 | KOHA_MİRAKIL | ||
| 005 | 20260207001617.0 | ||
| 007 | ta | ||
| 008 | 091007b2004 tu |||gr||||#||||0|tur | | ||
| 020 | _c0,01 | ||
| 040 |
_aTR-BiSEU _btur _cTR-BiSEU _erda |
||
| 041 | 0 | _atur | |
| 044 | _ctu | ||
| 050 |
_aHD37 _b.D87 2004 |
||
| 245 | 0 |
_aDüşen enflasyon ortamında şirket yönetimi/ _cMehmet Baha Karan...[ve bşk.] ; edt. A. Argun Karacabey . |
|
| 264 | 1 |
_aAnkara : _bAnkara Sanayi Odası _c2004 |
|
| 300 | _a216 sayfa | ||
| 336 |
_ametin _btxt _2rdacontent |
||
| 337 |
_aaracısız _bn _2rdamedia |
||
| 338 |
_acilt _bnc _2rdacarrier |
||
| 490 | 1 |
_aAnkara Sanayi Odası Yayını yayın ; _vno: 55. |
|
| 500 | _aKaynakça var. | ||
| 650 | 0 |
_aInflation (Finance). _95740 |
|
| 650 | 0 |
_aEnflasyon (Finans). _919796 |
|
| 650 | 0 |
_aManagement. _94546 |
|
| 650 | 0 |
_aYönetim. _93705 |
|
| 830 | 1 |
_aAnkara Sanayi Odası Yayını yayın ; _vno: 55. _919797 |
|
| 942 |
_2lcc _cBK |
||
| 999 |
_c7969 _d7969 |
||